[Event "Women's Speed Chess Q3"]
[Site "chess.com INT"]
[Date "2021.05.30"]
[Round "15"]
[White "Tokhirjonova, Gulrukhbegim"]
[Black "Socko, Monika"]
[Result "1-0"]
[WhiteTitle "WGM"]
[BlackTitle "GM"]
[WhiteElo "2350"]
[BlackElo "2421"]
[WhiteFideId "14203626"]
[BlackFideId "1106619"]
[EventDate "2021.05.30"]

1. e4 e6 2. d4 d5 3. e5 c5 4. c3 Nc6 5. Nf3 Qb6 6. a3 c4 7. Nbd2 Na5 8. Rb1 Bd7
9. b4 cxb3 10. Nxb3 Ba4 11. Nxa5 Qxa5 12. Qd2 Bc6 13. Bd3 Ne7 14. O-O Ng6 15. h4
Be7 16. h5 Nf8 17. Qe2 h6 18. Bd2 Qc7 19. Rfc1 Qd7 20. c4 dxc4 21. Bxc4 Nh7 22.
Bb4 O-O 23. Bxe7 Qxe7 24. Bb5 Bxf3 25. Qxf3 Ng5 26. Qe3 f5 27. exf6 Qxf6 28. Bc4
b6 29. Rf1 Rae8 30. Rbe1 Qf4 31. Qxf4 Rxf4 32. Rd1 Kh8 33. Rfe1 e5 34. Bb5 Rd8
35. dxe5 Rxd1 36. Rxd1 Kg8 37. Rd8+ Kf7 38. Be8+ Ke7 39. Ra8 Re4 40. Bg6 Rxe5
41. Rxa7+ Kf6 42. Rb7 Re1+ 43. Kh2 Re6 44. f4 Ne4 45. Rf7# 1-0

[Event "Women's Speed Chess Q3"]
[Site "chess.com INT"]
[Date "2021.05.30"]
[Round "15"]
[White "Zakirova, Aisha"]
[Black "Swati, Mohota"]
[Result "0-1"]
[WhiteTitle "WCM"]
[BlackTitle "WFM"]
[WhiteElo "1585"]
[BlackElo "2027"]
[WhiteFideId "13719734"]
[BlackFideId "5006511"]
[EventDate "2021.05.30"]

1. d4 e6 2. Nf3 b6 3. c4 Bb7 4. Nc3 d5 5. cxd5 exd5 6. g3 Nf6 7. Bg2 Be7 8. O-O
O-O 9. Bg5 Nbd7 10. Rc1 Rc8 11. Ne5 c6 12. Qd2 Nxe5 13. dxe5 Nd7 14. Bxe7 Qxe7
15. f4 Rfd8 16. Kh1 Nf8 17. Qc2 Ne6 18. Rcd1 Nc7 19. e4 d4 20. Ne2 c5 21. g4 Ba6
22. Ng3 Bxf1 23. Bxf1 Ne6 24. Qf2 c4 25. Nf5 Qf8 26. Nxd4 Qc5 27. Bxc4 Nxd4 28.
Bd5 Ne6 29. Qh4 Qe3 30. Rf1 Qe2 31. Rf2 Qe1+ 32. Kg2 Rc1 33. Bxe6 Qg1+ 34. Kf3
Rd3+ 35. Ke2 Qd1# 0-1

[Event "Women's Speed Chess Q3"]
[Site "chess.com INT"]
[Date "2021.05.30"]
[Round "15"]
[White "Nurmanova, Alua"]
[Black "Zaksaite, Salomeja"]
[Result "1-0"]
[WhiteTitle "WFM"]
[BlackTitle "WIM"]
[WhiteElo "2008"]
[BlackElo "2202"]
[WhiteFideId "13729390"]
[BlackFideId "12801496"]
[EventDate "2021.05.30"]

1. e4 c5 2. Nf3 e6 3. d4 cxd4 4. Nxd4 Nf6 5. Nc3 Nc6 6. g3 d5 7. exd5 Nxd5 8.
Bg2 Bb4 9. O-O O-O 10. Nxd5 exd5 11. c3 Bc5 12. Nb3 Bb6 13. Bxd5 Bh3 14. Bg2
Bxg2 15. Kxg2 Qf6 16. Bf4 Rad8 17. Qg4 h6 18. Rad1 Ne5 19. Bxe5 Qxe5 20. Rfe1
Qf6 21. Qf3 Qg6 22. h4 Qc2 23. Rxd8 Rxd8 24. Re2 Qb1 25. Re7 Rf8 26. Qe2 Qxa2
27. Nd2 Qxb2 28. Rxb7 Qxc3 29. Ne4 Qc6 30. Re7 f5 31. Qa2+ Kh8 32. Qb2 Rg8 33.
f3 fxe4 34. fxe4 Qf6 35. Qb4 1-0

[Event "Women's Speed Chess Q3"]
[Site "chess.com INT"]
[Date "2021.05.30"]
[Round "15"]
[White "Tarasova, Viktoriya"]
[Black "Zuriel, Marisa"]
[Result "0-1"]
[WhiteTitle "WIM"]
[BlackTitle "WIM"]
[WhiteElo "2226"]
[BlackElo "2203"]
[WhiteFideId "4175840"]
[BlackFideId "109142"]
[EventDate "2021.05.30"]

1. d4 Nf6 2. c4 c5 3. d5 b5 4. cxb5 a6 5. bxa6 g6 6. Nc3 Bxa6 7. Nf3 d6 8. e4
Bxf1 9. Kxf1 Nbd7 10. g3 Bg7 11. Kg2 O-O 12. a4 Ra6 13. Re1 Qa8 14. Ra3 Rb8 15.
Qc2 Ng4 16. h3 Nge5 17. Nxe5 Nxe5 18. Nb5 Rb7 19. f4 Nd7 20. Bd2 Nb6 21. a5 Nxd5
22. exd5 Rxb5 23. Rxe7 Qxd5+ 24. Kh2 Ra8 25. Bc3 Bd4 26. Bxd4 Qxd4 27. Re2 Rbxa5
28. Rxa5 Rxa5 29. Qb3 Ra8 30. Qb7 Rf8 31. b3 Qd3 32. Rg2 h5 33. h4 Re8 34. Qb6
Re3 35. Qb8+ Kg7 36. Qd8 Re2 37. Rxe2 Qxe2+ 38. Kh3 Qf1+ 39. Kh2 Qf2+ 40. Kh3
Qd4 41. Qg5 f6 0-1

[Event "Women's Speed Chess Q3"]
[Site "chess.com INT"]
[Date "2021.05.30"]
[Round "15"]
[White "Narva, Regina"]
[Black "Ribeiro, Regina"]
[Result "0-1"]
[WhiteTitle "WFM"]
[BlackTitle "WIM"]
[WhiteElo "1901"]
[BlackElo "1920"]
[WhiteFideId "4500237"]
[BlackFideId "2100681"]
[EventDate "2021.05.30"]

1. e4 c6 2. d4 d5 3. f3 dxe4 4. fxe4 e5 5. Nf3 Bg4 6. Bc4 Nf6 7. O-O Bxf3 8.
Rxf3 Qxd4+ 9. Qxd4 exd4 10. e5 Nd5 11. c3 Bc5 12. cxd4 Bxd4+ 13. Kh1 O-O 14. Nd2
Nd7 15. Ne4 Bxe5 16. Rb1 N7b6 17. Bb3 Rad8 18. Bg5 f6 19. Bh4 Kh8 20. Nc5 Rf7
21. Ne6 Re8 22. Ng5 Rfe7 23. Nh3 Bc7 24. g4 g5 25. Bg3 Bxg3 26. hxg3 Re1+ 27.
Rxe1 Rxe1+ 28. Kg2 Ne3+ 29. Kf2 Nxg4+ 30. Kxe1 Ne5 31. Rxf6 Kg7 32. Re6 Nd3+ 0-1

[Event "Women's Speed Chess Q3"]
[Site "chess.com INT"]
[Date "2021.05.30"]
[Round "15"]
[White "Pham, Le Thao Nguyen"]
[Black "Golubeva, Oksana"]
[Result "1-0"]
[WhiteTitle "IM"]
[BlackTitle "WFM"]
[WhiteElo "2369"]
[BlackElo "2179"]
[WhiteFideId "12401226"]
[BlackFideId "4170164"]
[EventDate "2021.05.30"]

1. d4 e6 2. Nf3 Nf6 3. Bf4 b6 4. e3 Bb7 5. Nbd2 h6 6. h3 g5 7. Bh2 Bg7 8. Bd3 d6
9. c3 Nbd7 10. Qe2 a5 11. e4 Qe7 12. a4 O-O 13. O-O e5 14. Rfe1 Rfe8 15. Qd1 Qf8
16. Qc2 Re7 17. Nf1 exd4 18. Nxd4 Ne5 19. Nf5 Re6 20. f3 Nxd3 21. Qxd3 Nd7 22.
Qc4 Rc8 23. N1e3 Be5 24. Nd5 Bxh2+ 25. Kxh2 Bxd5 26. exd5 Re5 27. Qg4 Nf6 28.
Nxh6+ Qxh6 29. Qxc8+ Kg7 30. Rxe5 dxe5 31. Qxc7 e4 32. Qg3 exf3 33. Qxf3 g4 34.
Qg3 Kh7 35. Rf1 Kg7 36. d6 Qg6 37. Qe5 g3+ 38. Kh1 1-0

[Event "Women's Speed Chess Q3"]
[Site "chess.com INT"]
[Date "2021.05.30"]
[Round "15"]
[White "Pandey, Srishti"]
[Black "Rakshitta, Ravi"]
[Result "0-1"]
[WhiteTitle "WFM"]
[BlackTitle "WIM"]
[WhiteElo "2026"]
[BlackElo "2190"]
[WhiteFideId "35093290"]
[BlackFideId "25073230"]
[EventDate "2021.05.30"]

1. d4 Nf6 2. c4 Nc6 3. Nf3 e6 4. g3 Bb4+ 5. Bd2 Bxd2+ 6. Qxd2 d6 7. Nc3 Qe7 8.
Bg2 e5 9. d5 Nb8 10. e4 O-O 11. O-O a5 12. b3 Na6 13. a3 Nd7 14. Ne1 f5 15. exf5
Rxf5 16. Ne4 Ndc5 17. Qc2 Nxe4 18. Bxe4 Rh5 19. f3 Bh3 20. Rf2 Nc5 21. Rd1 Nxe4
22. fxe4 Rf8 23. Rdd2 Rh6 24. b4 Qg5 25. Rxf8+ Kxf8 26. Rf2+ Ke7 27. Qd2 Qg4 28.
bxa5 Qxe4 29. c5 Rf6 30. cxd6+ cxd6 31. Rxf6 gxf6 32. Nd3 Qxd5 33. Qc2 Qf3 34.
Qc7+ Bd7 0-1

[Event "Women's Speed Chess Q3"]
[Site "chess.com INT"]
[Date "2021.05.30"]
[Round "15"]
[White "Zhuravleva, Olga"]
[Black "Obregon Garcia, Roxangel"]
[Result "0-1"]
[WhiteTitle "WIM"]
[BlackTitle "WIM"]
[WhiteElo "2278"]
[BlackElo "2167"]
[WhiteFideId "4145933"]
[BlackFideId "3520420"]
[EventDate "2021.05.30"]

1. e4 d5 2. exd5 Qxd5 3. Nc3 Qa5 4. d4 Nf6 5. Nf3 Bf5 6. Bc4 e6 7. O-O Bb4 8.
Bd2 O-O 9. Re1 Nc6 10. a3 Bxc3 11. Bxc3 Qb6 12. Ne5 Rfd8 13. Nxc6 Qxc6 14. Bf1
Ne4 15. Re3 e5 16. f3 exd4 17. Bxd4 Nf6 18. c3 Nd5 19. Re5 Bg6 20. Qe1 Nf6 21.
Qg3 Qd6 22. Rae1 h6 23. h4 Kh7 24. Qh3 h5 25. Qg3 b6 26. Qg5 c5 27. Be3 Re8 28.
Bf4 Rxe5 29. Bxe5 Qc6 30. Bxf6 gxf6 31. Qf4 Rd8 32. Bc4 Rd7 33. Kh1 b5 34. Bb3
c4 35. Ba2 a5 36. Bb1 Qd6 37. Be4 Qxf4 38. Bxg6+ Kxg6 39. Re4 Qg3 40. Rd4 Rxd4
41. cxd4 Qxh4+ 0-1

[Event "Women's Speed Chess Q3"]
[Site "chess.com INT"]
[Date "2021.05.30"]
[Round "15"]
[White "Varney, Zoe"]
[Black "Skuhala, Barbara"]
[Result "0-1"]
[WhiteTitle "WCM"]
[BlackTitle "WFM"]
[WhiteElo "1917"]
[BlackElo "2077"]
[WhiteFideId "436135"]
[BlackFideId "14605465"]
[EventDate "2021.05.30"]

1. e4 c5 2. Nf3 d6 3. d4 cxd4 4. Nxd4 Nf6 5. Nc3 a6 6. Be3 e5 7. Nb3 Be7 8. f3
Be6 9. Qd2 Nbd7 10. O-O-O h5 11. Nd5 Nxd5 12. exd5 Bf5 13. Bd3 Bxd3 14. Qxd3 Bg5
15. Bxg5 Qxg5+ 16. Qd2 Qxd2+ 17. Rxd2 Ke7 18. Re1 f5 19. h3 g5 20. g4 Kf6 21.
gxf5 Kxf5 22. Rg2 Nf6 23. Reg1 Rag8 24. c4 Rh7 25. Nd2 Rhg7 26. h4 g4 27. fxg4+
Rxg4 28. Rf1+ Kg6 29. Rgf2 Rf8 30. Kd1 Rxh4 31. Ke2 Rg4 32. Ke3 h4 33. Nf3 Rg3
34. Ke2 Rg4 35. Nh2 Rxc4 36. b3 Rc2+ 37. Ke3 Rxf2 38. Kxf2 Nxd5+ 39. Ke2 Rxf1
40. Nxf1 Nc3+ 41. Kd3 Nxa2 42. Kc2 Nb4+ 43. Kc3 Nc6 44. Kc4 Kf5 45. Kd5 e4 46.
Kxd6 h3 47. Kc7 Na5 48. Kb6 Nxb3 49. Kxb7 a5 50. Kb6 a4 51. Kb5 a3 52. Kb4 a2
53. Kxb3 a1=Q 54. Kc4 Qxf1+ 0-1

[Event "Women's Speed Chess Q3"]
[Site "chess.com INT"]
[Date "2021.05.30"]
[Round "15"]
[White "Dwilewicz, Katarzyna"]
[Black "Petrova, Irina"]
[Result "0-1"]
[WhiteTitle "WFM"]
[BlackTitle "WIM"]
[WhiteElo "2092"]
[BlackElo "2110"]
[WhiteFideId "1148486"]
[BlackFideId "14124122"]
[EventDate "2021.05.30"]

1. e4 d6 2. d4 Nf6 3. Nc3 e5 4. Nf3 Nbd7 5. Rg1 g6 6. g4 Bg7 7. g5 Nh5 8. Be3
O-O 9. Qd2 c6 10. O-O-O Qa5 11. Kb1 b5 12. Nd5 Qxd2 13. Ne7+ Kh8 14. Rxd2 Bb7
15. dxe5 Nxe5 16. Be2 Rfe8 17. Nxe5 Bxe5 18. Bxh5 Rxe7 19. Bf3 c5 20. h4 b4 21.
Bg2 a5 22. Re1 a4 23. f4 Bg7 24. Bf2 a3 25. Rxd6 axb2 26. Bxc5 Rc7 27. Bxb4 Rac8
28. Re2 h6 29. e5 hxg5 30. hxg5 Bxg2 31. Rxg2 Rc4 32. c3 Rxf4 33. Kxb2 Bxe5 34.
Kb3 Rb8 35. Rd7 Bxc3 36. Kxc3 Rbxb4 37. Rxf7 Rbc4+ 38. Kd3 Rcd4+ 39. Ke3 Rde4+
40. Kd3 Rd4+ 41. Kc2 Rxf7 0-1

[Event "Women's Speed Chess Q3"]
[Site "chess.com INT"]
[Date "2021.05.30"]
[Round "15"]
[White "Mendoza, Shania Mae"]
[Black "Samaganova, Alexandra"]
[Result "0-1"]
[WhiteTitle "WFM"]
[BlackTitle "WFM"]
[WhiteElo "2158"]
[BlackElo "1993"]
[WhiteFideId "5211158"]
[BlackFideId "13800221"]
[EventDate "2021.05.30"]

1. e4 c5 2. Nf3 e6 3. g3 Nc6 4. Bg2 Nf6 5. d3 d5 6. e5 Nd7 7. Bf4 Qc7 8. Qe2 h6
9. h4 Be7 10. c3 Rb8 11. O-O b5 12. Re1 b4 13. d4 bxc3 14. bxc3 cxd4 15. cxd4
Nb4 16. Rc1 Qb6 17. Nc3 Ba6 18. Qe3 Bc4 19. a3 Nc6 20. Rcb1 Qa5 21. Nd2 Ba6 22.
Nb3 Qc7 23. Na4 O-O 24. Rc1 Bc4 25. Nd2 Na5 26. Rc2 Qc6 27. Nc3 Nb3 28. Nxb3
Rxb3 29. Qc1 Rfb8 30. Kh2 Qa6 31. Nd1 Rd3 32. Ne3 Rxd4 33. Rb2 Nb6 34. Nc2 Rd3
35. Nb4 Bxb4 36. axb4 Qb7 37. b5 Qd7 38. Ra5 Rc8 39. Qa1 Rc7 40. Be3 d4 41. Bf4
Bd5 42. Bf1 Rdc3 43. Rd2 Rc1 44. Qxd4 Rxf1 45. f3 Rxf3 0-1

[Event "Women's Speed Chess Q3"]
[Site "chess.com INT"]
[Date "2021.05.30"]
[Round "15"]
[White "Nguyen, Thi Mai Hung"]
[Black "Dauletova, Gulmira"]
[Result "1-0"]
[WhiteTitle "WGM"]
[BlackTitle "WGM"]
[WhiteElo "2254"]
[BlackElo "2285"]
[WhiteFideId "12401676"]
[BlackFideId "13702971"]
[EventDate "2021.05.30"]

1. d4 Nf6 2. Nf3 d5 3. g3 e6 4. Bg2 c5 5. O-O Nc6 6. c4 cxd4 7. Nxd4 Bc5 8. Nb3
Be7 9. cxd5 exd5 10. Nc3 Be6 11. Nd4 Nxd4 12. Qxd4 O-O 13. Rd1 Qa5 14. Nxd5 Nxd5
15. Bxd5 Rfd8 16. e4 Bf6 17. Qd3 Bxd5 18. exd5 Qb6 19. Rb1 Rd7 20. Be3 Qa5 21.
a3 Rad8 22. b4 Qa4 23. Qb3 Qxb3 24. Rxb3 Rxd5 25. Rxd5 Rxd5 26. Bxa7 b5 27. Kg2
Kf8 28. Kf3 Ke8 29. Ke2 Kd7 30. Be3 Kc6 31. f4 g6 32. h3 h5 33. g4 hxg4 34. hxg4
Rd7 35. Bc1 Rd8 36. Rd3 Re8+ 37. Kf3 Rh8 38. Ke4 Re8+ 39. Kf3 Rh8 40. Be3 Rh3+
41. Kg2 Rh8 42. Bc5 Re8 43. Rd6+ Kc7 44. Rxf6 1-0

[Event "Women's Speed Chess Q3"]
[Site "chess.com INT"]
[Date "2021.05.30"]
[Round "15"]
[White "Sviridova, Vlada"]
[Black "Nomin-Erdene, Davaademberel"]
[Result "1-0"]
[WhiteTitle "WFM"]
[BlackTitle "IM"]
[WhiteElo "2144"]
[BlackElo "2382"]
[WhiteFideId "24109606"]
[BlackFideId "4900782"]
[EventDate "2021.05.30"]

1. d4 f5 2. c4 Nf6 3. g3 g6 4. Bg2 Bg7 5. Nf3 O-O 6. O-O d6 7. Nc3 c6 8. Rb1 Qe8
9. d5 Na6 10. a3 Nc5 11. b4 Nce4 12. Nxe4 Nxe4 13. Bb2 Nc3 14. Bxc3 Bxc3 15. Qd3
Bg7 16. Nd4 Bd7 17. f4 Rc8 18. Ne6 Bxe6 19. dxe6 Rf6 20. e4 Rxe6 21. exf5 gxf5
22. Qxf5 Rf6 23. Qg4 Kh8 24. Bh3 Rd8 25. Rbe1 e5 26. f5 d5 27. cxd5 cxd5 28. Qh4
Rdd6 29. g4 Rh6 30. Qg3 Rhf6 31. g5 Rf8 32. f6 Bxf6 33. gxf6 Rg8 34. f7 Rxg3+
35. hxg3 Qf8 36. Rxe5 Rd8 37. Be6 Qe7 38. Ref5 Rf8 39. Bxd5 Kg7 40. Kg2 Qe2+ 41.
R1f2 Qd3 42. R2f3 Qd2+ 43. Kh3 Qh6+ 44. Kg4 Qd6 45. Rg5+ Kh6 46. Rh5+ Kg7 47.
Rff5 Qd7 48. Rg5+ Kh6 49. Kh4 1-0

[Event "Women's Speed Chess Q3"]
[Site "chess.com INT"]
[Date "2021.05.30"]
[Round "15"]
[White "Zhai, Mo"]
[Black "Batsiashvili, Nino"]
[Result "0-1"]
[WhiteTitle "WGM"]
[BlackTitle "GM"]
[WhiteElo "2366"]
[BlackElo "2491"]
[WhiteFideId "8600201"]
[BlackFideId "13602993"]
[EventDate "2021.05.30"]

1. Nf3 f5 2. d3 Nf6 3. e4 d6 4. Nc3 e5 5. exf5 Bxf5 6. d4 Nbd7 7. dxe5 Nxe5 8.
Be2 Be7 9. O-O Nxf3+ 10. Bxf3 c6 11. Re1 O-O 12. Bf4 d5 13. h3 Bd6 14. Bxd6 Qxd6
15. Qd2 Rae8 16. a3 Qc5 17. Rad1 a5 18. g3 b5 19. Re2 Bxh3 20. Rde1 Rxe2 21.
Rxe2 Bf5 22. Kg2 b4 23. axb4 axb4 24. Nd1 Ne4 25. Qe3 Qxe3 26. Nxe3 Bg6 27. Re1
Nd2 28. Bg4 d4 29. Nf1 Nxf1 30. Kxf1 Bxc2 31. Be6+ Kh8 32. Ke2 b3 33. Ra1 c5 34.
f4 Re8 35. Kd2 g6 36. Bc4 d3 37. Ra7 Re2+ 38. Kc3 Rg2 39. Ra8+ Kg7 40. Ra7+ Kh6
41. Bg8 Kh5 42. Rxh7+ Kg4 43. Rg7 Rxg3 44. Rxg6+ Kxf4 45. Rxg3 Kxg3 46. Kd2 Kf3
47. Bc4 Ke4 0-1

[Event "Women's Speed Chess Q3"]
[Site "chess.com INT"]
[Date "2021.05.30"]
[Round "15"]
[White "Balabayeva, Xeniya"]
[Black "Ambartsumova, Karina"]
[Result "0-1"]
[WhiteTitle "WFM"]
[BlackTitle "IM"]
[WhiteElo "2178"]
[BlackElo "2382"]
[WhiteFideId "13719688"]
[BlackFideId "4166299"]
[EventDate "2021.05.30"]

1. e4 c5 2. Nf3 e6 3. g3 Nc6 4. Bg2 Nf6 5. e5 Ng4 6. Qe2 Qc7 7. d4 cxd4 8. Bf4
Bb4+ 9. Nbd2 Nh6 10. Bxh6 gxh6 11. O-O d5 12. Nb3 Be7 13. Nbxd4 Bd7 14. c3 a6
15. Rad1 O-O-O 16. Rfe1 h5 17. h4 Rhg8 18. Kh2 Rg4 19. Bh3 Re4 20. Qf1 Nxe5 21.
Nxe5 Qxe5 22. f3 Bd6 23. Qf2 Rxe1 24. Rxe1 Qg7 25. f4 Rg8 26. Nf3 Bc7 27. Ne5
Bb5 28. Qf3 Kb8 29. Rd1 f6 30. Nd3 e5 31. Qf2 e4 32. Nb4 Bc4 33. b3 Bd3 34. Nxd5
Rd8 35. Ne3 Bb6 36. Bf1 Qc7 37. Bxd3 exd3 38. Qf3 Qxc3 39. Rf1 d2 40. Nd1 Qxf3
41. Rxf3 Ba5 42. Rf2 Re8 43. Kg2 Re1 44. Rf1 Kc7 45. Kf2 Kd6 46. Ne3 Ke6 47. Nc4
Rxf1+ 48. Kxf1 d1=Q+ 0-1

[Event "Women's Speed Chess Q3"]
[Site "chess.com INT"]
[Date "2021.05.30"]
[Round "15"]
[White "Bodnaruk, Anastasia"]
[Black "Voit, Daria"]
[Result "0-1"]
[WhiteTitle "IM"]
[BlackTitle "WGM"]
[WhiteElo "2457"]
[BlackElo "2360"]
[WhiteFideId "4181751"]
[BlackFideId "4182146"]
[EventDate "2021.05.30"]

1. e4 c6 2. Nf3 d5 3. exd5 cxd5 4. Ne5 Nc6 5. d4 e6 6. c3 Qc7 7. f4 Bd6 8. Bd3
Nge7 9. O-O g6 10. g3 f6 11. Nf3 Bd7 12. Re1 O-O-O 13. b4 e5 14. fxe5 fxe5 15.
b5 e4 16. bxc6 Nxc6 17. Ng5 exd3 18. Qxd3 Bf5 19. Qf3 h6 20. Ne6 Qe7 21. Qe3
Rde8 22. Nf4 Qc7 23. Qxe8+ Rxe8 24. Rxe8+ Kd7 25. Re1 Ne7 26. Bd2 g5 27. Ng2 Be4
28. a4 Bxg3 29. hxg3 Qxg3 30. Re2 Nf5 31. Be1 Qf3 32. Rf2 Qg4 33. Na3 Nh4 34.
Raa2 Nf3+ 35. Kf1 Bd3+ 36. Rae2 Nxe1 37. Kxe1 Bxe2 38. Rxe2 h5 39. Nc2 h4 40.
Nce3 Qf3 41. Rf2 Qe4 42. Rf5 h3 43. Rxd5+ Kc6 44. Rc5+ Kd7 45. Rd5+ Kc7 46. Rc5+
Kb8 47. Kf2 hxg2 48. Nxg2 g4 49. Re5 Qf3+ 50. Kg1 g3 51. Re1 Qxc3 52. d5 Qd4+
53. Kh1 Qxd5 54. Kg1 Qd4+ 55. Kh1 Qxa4 56. Rf1 Qd4 57. Rf4 Qd1+ 0-1

[Event "Women's Speed Chess Q3"]
[Site "chess.com INT"]
[Date "2021.05.30"]
[Round "15"]
[White "Nanditha, V"]
[Black "Nandhidhaa, P V"]
[Result "1-0"]
[WhiteTitle "WCM"]
[BlackTitle "WGM"]
[WhiteElo "1666"]
[BlackElo "2365"]
[WhiteFideId "46626697"]
[BlackFideId "5050847"]
[EventDate "2021.05.30"]

1. e4 c5 2. Nf3 a6 3. d4 cxd4 4. Nxd4 Nf6 5. Nc3 e5 6. Nde2 d6 7. Bg5 Be6 8.
Bxf6 Qxf6 9. Nd5 Qd8 10. Nec3 Nc6 11. Qd2 Be7 12. Be2 O-O 13. O-O-O Bg5 14. f4
exf4 15. Bf3 b5 16. Kb1 b4 17. Ne2 Ne5 18. Nexf4 Bxd5 19. exd5 Qf6 20. Nh5 Qh6
21. Qe2 Rae8 22. Ng3 Bf6 23. Qxa6 Nxf3 24. gxf3 Qe3 25. Nf5 Qe5 26. Nd4 Rc8 27.
Rhe1 Qxd5 28. Ne6 Qxf3 29. Nxf8 Rxf8 30. Qxd6 Qg4 31. Rg1 Qf5 32. Rdf1 Be5 33.
Qd5 Qe6 34. Qxe6 fxe6 35. Rxf8+ Kxf8 36. h3 Kf7 37. Re1 Kf6 38. a4 bxa3 39. bxa3
Bc3 40. Re3 Ba5 41. c4 e5 42. c5 Kf5 43. c6 e4 44. Rb3 Kf4 45. Kc2 e3 46. Kd1
Kf3 47. a4 Kf2 48. Rb2+ Kf1 49. Re2 Bb6 50. Rxe3 Bxe3 51. c7 1-0

[Event "Women's Speed Chess Q3"]
[Site "chess.com INT"]
[Date "2021.05.30"]
[Round "15"]
[White "Cyfka, Karina"]
[Black "Vo, Thi Kim Phung"]
[Result "0-1"]
[WhiteTitle "IM"]
[BlackTitle "WGM"]
[WhiteElo "2415"]
[BlackElo "2335"]
[WhiteFideId "1122681"]
[BlackFideId "12401838"]
[EventDate "2021.05.30"]

1. d4 Nf6 2. c4 e6 3. Nf3 Bb4+ 4. Bd2 Qe7 5. g3 O-O 6. Bg2 Bxd2+ 7. Qxd2 d6 8.
Nc3 e5 9. O-O Re8 10. d5 Bg4 11. h3 Bxf3 12. exf3 a5 13. Rfe1 Qd7 14. f4 exf4
15. Qxf4 Na6 16. g4 h6 17. Nb5 Rxe1+ 18. Rxe1 Re8 19. Rxe8+ Qxe8 20. Qe3 Kf8 21.
Qxe8+ Kxe8 22. Kf1 Nd7 23. Ke2 Kd8 24. f4 Nb6 25. b3 Nb4 26. a3 Na6 27. Kd3 Nc5+
28. Kc3 Na6 29. b4 axb4+ 30. axb4 Nd7 31. Be4 Nf6 32. Bd3 Nd7 33. h4 f6 34. g5
fxg5 35. hxg5 hxg5 36. fxg5 Ke7 37. Kd4 c6 38. dxc6 bxc6 39. Na7 Nxb4 40. Kc3 c5
41. Be4 Ne5 42. Bd5 Nf7 43. g6 Ne5 44. Be4 Ke6 45. Kb3 Kf6 46. Kc3 Nxg6 47. Nc8
Ne5 48. Nxd6 g5 49. Nb7 Na6 50. Kb3 g4 51. Ka4 Nxc4 52. Kb5 Nd2 53. Bg2 c4 54.
Nd6 c3 55. Ne4+ Nxe4 56. Bxe4 g3 57. Kc4 Nc5 58. Kxc5 g2 59. Bxg2 c2 0-1

[Event "Women's Speed Chess Q3"]
[Site "chess.com INT"]
[Date "2021.05.30"]
[Round "15"]
[White "Zaichenko, Daria"]
[Black "Doluhanova, Evgeniya"]
[Result "1-0"]
[WhiteTitle "WFM"]
[BlackTitle "WGM"]
[WhiteElo "2104"]
[BlackElo "2207"]
[WhiteFideId "4197453"]
[BlackFideId "14112035"]
[EventDate "2021.05.30"]

1. e4 e5 2. Nf3 Nc6 3. Bc4 Bc5 4. d3 Nf6 5. c3 O-O 6. b4 Bb6 7. Bg5 h6 8. Bh4 d6
9. Nbd2 Be6 10. a4 a5 11. b5 Nb8 12. O-O Nbd7 13. d4 exd4 14. cxd4 g5 15. Nxg5
hxg5 16. Bxg5 Qe8 17. e5 dxe5 18. dxe5 Nh7 19. Bh6 Nxe5 20. Re1 Bd4 21. Qh5 Ng6
22. Bxe6 fxe6 23. Bxf8 Nhxf8 24. Rad1 Qf7 25. Nf3 Bf6 26. Re4 Rd8 27. Rxd8 Bxd8
28. h3 Bf6 29. Rg4 Qh7 30. Qxh7+ Kxh7 31. Rc4 Bd8 32. Nd4 e5 33. Nf5 Ne6 34. Rc1
c6 35. bxc6 bxc6 36. Rxc6 Ngf4 37. g3 Nxh3+ 38. Kg2 Nhg5 39. f4 Kg6 40. fxg5
Kxf5 41. g4+ Kxg5 42. Rxe6 Kxg4 43. Rxe5 Kf4 44. Rd5 Bb6 45. Rb5 Bc7 46. Kf2 Ke4
47. Ke2 Kd4 48. Kd2 Kc4 49. Ke3 Bd8 50. Ke4 Bc7 51. Kf5 Bd8 52. Ke6 Bh4 53. Rxa5
Kb4 54. Rh5 Bf2 55. a5 Ba7 56. Kd6 Ka4 57. Kc7 Bd4 58. a6 Be3 59. Kb7 Ba7 60.
Kxa7 1-0

[Event "Women's Speed Chess Q3"]
[Site "chess.com INT"]
[Date "2021.05.30"]
[Round "15"]
[White "Soumya, Swaminathan"]
[Black "Agrest, Inna"]
[Result "1/2-1/2"]
[WhiteTitle "IM"]
[BlackTitle "WIM"]
[WhiteElo "2351"]
[BlackElo "2285"]
[WhiteFideId "5016193"]
[BlackFideId "1708830"]
[EventDate "2021.05.30"]

1. Nf3 Nf6 2. g3 g6 3. b3 Bg7 4. Bb2 O-O 5. Bg2 d6 6. O-O Nbd7 7. d4 c5 8. c4 a6
9. Nc3 Rb8 10. a4 cxd4 11. Nxd4 Nc5 12. a5 Nfd7 13. e3 Ne5 14. b4 Nxc4 15. Bc1
Ne6 16. f4 Bd7 17. Bd5 Qc7 18. Qd3 Rbc8 19. Nde2 Bb5 20. Nxb5 axb5 21. Rb1 Rfd8
22. e4 Nf8 23. Kh1 e6 24. Bxc4 bxc4 25. Qf3 e5 26. Be3 exf4 27. Nxf4 Ne6 28. Nd5
Qd7 29. Nb6 Qe8 30. Nxc8 Rxc8 31. Rbc1 c3 32. Rc2 Nd4 33. Bxd4 Bxd4 34. Qd3 Be5
35. Rd1 Qe6 36. Qd5 Qg4 37. Rf1 Rc7 38. b5 Qh3 39. Kg1 Kg7 40. b6 Re7 41. Qd3
Qg4 42. Qf3 Qe6 43. a6 bxa6 44. Rxc3 Bxc3 45. Qxc3+ Qe5 46. Qxe5+ dxe5 47. Rc1
Rb7 48. Rc6 a5 49. Kf2 a4 50. Rc4 Rxb6 51. Rxa4 f6 52. Ra7+ Kh6 53. h4 Rb3 54.
g4 Rb4 55. Kf3 Rb3+ 56. Kf2 Rh3 57. Rf7 Rxh4 58. Kg3 Rh1 59. Rxf6 Kg7 60. Re6
Re1 61. Rxe5 Kf6 62. Re8 Kf7 63. Re5 Kf6 64. Re8 Kf7 65. Re5 Kf6 1/2-1/2

[Event "Women's Speed Chess Q3"]
[Site "chess.com INT"]
[Date "2021.05.30"]
[Round "15"]
[White "Vantika, Agrawal"]
[Black "Cori T., Deysi"]
[Result "0-1"]
[WhiteTitle "WIM"]
[BlackTitle "WGM"]
[WhiteElo "2286"]
[BlackElo "2388"]
[WhiteFideId "25050389"]
[BlackFideId "3801934"]
[EventDate "2021.05.30"]

1. d4 Nf6 2. c4 g6 3. g3 Bg7 4. Bg2 O-O 5. Nf3 c6 6. O-O d5 7. Qb3 dxc4 8. Qxc4
Nbd7 9. Nc3 Nb6 10. Qd3 Be6 11. b3 Rc8 12. Rd1 Nfd5 13. Bb2 Nb4 14. Qd2 a5 15.
Ne4 Na6 16. Qxa5 h6 17. Nc5 Nxc5 18. Qxc5 Nd5 19. e4 Nf6 20. Qc2 Qa5 21. Ne5
Rfd8 22. Bc3 Qa7 23. h3 h5 24. b4 Ne8 25. Nf3 Nd6 26. Ng5 Bc4 27. Bb2 Qa6 28. a4
f6 29. Nf3 Bf7 30. Bf1 Qa7 31. g4 hxg4 32. hxg4 Be6 33. Bh3 Nf7 34. Bc1 Qb6 35.
Rb1 Qc7 36. Be3 Qd7 37. Nh2 Ng5 38. Bxg5 fxg5 39. e5 Bf7 40. Nf3 Bh6 41. Kg2 Qd5
42. Kg3 Rf8 43. Bg2 Qd7 44. Qe2 Bd5 45. Nd2 Rf4 46. Ne4 Rcf8 47. Nc5 Qc8 48.
Bxd5+ cxd5 49. f3 b6 50. Nd3 Rxd4 51. Rbc1 Rc4 52. Rxc4 Qxc4 53. Rc1 Qd4 54. Rc6
Bg7 55. Rxg6 Kf7 56. Rc6 e6 57. Rc7+ Kg8 58. Kg2 Rf7 59. Rc8+ Kh7 60. Qd1 Qe3
61. Qh1+ Bh6 62. Qh5 Qxf3+ 63. Kh2 Qe2+ 64. Kh3 Rf3# 0-1